Statistiques concernant Focus sur: Pétunia Dursley - Harry Potter

Cliquez ici pour prendre le quiz!

Statistiques générales

  • Ce quiz a été pris 179 fois
  • Le résultat moyen est 7 sur 8

Statistiques - réponses

Informations recherchéesRéponses% Correct
FilsDudley Dursley
100%
Statut du sangMoldue
100%
Première apparitionHarry Potter à l'école des sorciers
99%
SœurLily Potter
99%
ÉpouxVernon Dursley
99%
Lieu de rencontre avec Harry Potter4 Privet Drive
96%
Couleur des cheveuxBlond
90%
Actrice l'interprétant dans les filmsFiona Shaw
33%

Distribution des résultats

Percentile par nombre de réponses

% des personnes avec chaque résultat

Votre développement - résultats

Vous n’avez pas pris ce quiz